| 000 | 00474cam a2200205ua 4500 | ||
|---|---|---|---|
| 001 | 8854 | ||
| 005 | 20260515114405.0 | ||
| 008 | 150216n xxk |||gr||||Z||||||eng | ||
| 020 | _a0415045339 | ||
| 040 | _cMAIN | ||
| 041 | _aeng | ||
| 082 | _a824 | ||
| 100 |
_aPirie, D. B., _eAuthor. |
||
| 245 | 1 |
_aHow to write critical essays _cBy D. B. Pirie |
|
| 250 | _a1st. | ||
| 260 |
_aLondon: _bRoutledge, _c2003. |
||
| 300 | _a154p. | ||
| 653 | _aEnglish essays | ||
| 942 | _cBK | ||
| 999 |
_c7942 _d7942 |
||